000 00679nam a2200229 a 4500
005 20140310183624.0
008 120904s19uu xx 00 eng d
020 _a9780324788556
050 _aHD 69.P75
_b.Sch445 2010
100 _aSchwalbe, Kathy
245 _aManaging information technology projects /
_cKathy Schwalbe.
250 _a6th ed.
260 _aSingapore :
_bCourse Technology/Cengage Learning,
_c2010.
300 _axxv, 490 p. :
_bill. ;
_c26 cm.
500 _aInclude index
521 _aIT
650 _aMicrosoft Project
650 _aProject management
650 _aInformation technology
_xManagement
942 _cBK
_2lcc
_kFOR
999 _c25477
_d25477